00999nam a2200241Ia 4500952011400000999001700114008004100131020001800172050002200190245016600212250001800378260003700396300002400433519004400457650003900501700002800540700002800568700002700596700003200623700004700655700004800702942000700750 00104070a18b18d2013-04-13l20m7oQP141 N8918 2010p18 001122r2024-07-02s2024-06-12t1w2012-06-26yLB c74399d74399120626s2010 mx 000 0 spa d a9786071503022 aQP141bN8918 201010aNutrición en las diferentes etapas de la vida c/ Judith E. Brown... [et al.] ; traducción: Víctor Manuel Pastrana Retana y Pablo Honorato Faudrín Flores a3a. edición3 aMéxicob : McGraw-Hillc, 2010 axvii, 551 páginas aMaterial Complementario / d(18 001122) aNUTRICIÓNxESTUDIO Y ENSEÑANZA aBrown, Judith E.eautor aIsaacs, Janet S.eautor aBate Krinke, U.eautor aMurtaugh, Maureen A.eautor aPatrana Retana, Víctor Manueletraductor aFraudín Flores, Pablo Honoratoetraductor cLB